000
00277nam a2200121Ia 4500
005
20250423100327.0
008
250422s9999 xx 000 0 und d
020
_a
1-57820-307-4
245
0
_a
Newton`s Telecom Dictionary
260
_b
CMP Books
260
_c
2003
942
_c
BK
999
_c
32966
_d
32966